| 000 | 00872nam a2200241 i 4500 | ||
|---|---|---|---|
| 001 | 34233 | ||
| 003 | ES-MaACL | ||
| 005 | 20250820215420.0 | ||
| 007 | t| | ||
| 008 | 150622s1967 sp ||||1| spa d | ||
| 080 | _a33"1870/1929"(091) | ||
| 100 | 1 |
_aHutchison, T.W. _9157100 |
|
| 245 | 1 | 0 |
_aHistoria del pensamiento económico : 1870-1929 / _cT. W. Hutchison ; [versión de Enrique Fuentes Quintana]. |
| 260 |
_aMadrid : _bGredos., _c[1967] |
||
| 300 |
_aXVI, 7-466 p. ; _c24 cm. |
||
| 490 | 1 | _aBiblioteca de Ciencias Económicas IV. Historia del pensamiento económico e historia económica | |
| 650 | 0 | 4 |
_aEconomía- _yS.XIX. _912014 |
| 650 | 0 | 4 |
_aEconomía- _yS.XX. _912017 |
| 700 | 1 |
_aFuentes Quintana, Enrique, _d1924-2007 _952942 |
|
| 830 | 0 | 0 |
_aBiblioteca de ciencias económicas _9181450 |
| 852 |
_aES-MaACL _jE-15694 |
||
| 999 |
_c34233 _d34233 |
||